Responses for Show #4540 - Friday, May 7, 2004

2004-A Kids Week game 5.
From Washington, D.C.

Contestants

[<< previous game]

Amanda Hall, from Farmington, Maine

Taylor Gailliot, from Woodbridge, Virginia

Dominic Clust, from Metairie, Louisiana

[next game >>]

Jeopardy! Round responses

ELEMENT-ARY SCHOOL
STUFF TO DO AT RECESS
DR. SEUSS
POP MUSIC
ANTARCTICA
FOREIGN WORDS & PHRASES
    $200 1
purple

Amanda
    $200 12
Dick Cheney

Dominic
    $200 6
ham

Amanda
    $200 18
(Amanda: What is... Pop?)

Celebrity

Amanda
Triple Stumper
    $200 11
the South Pole

Amanda
    $200 23
German

Dominic
    $400 2
hydrogen

Dominic
    $400 13
(Leonardo) da Vinci

Dominic
    $400 7
the Grinch

Dominic
    $400 19
(Alex: Yes, I didn't realize you were that old.)
[Laughter]

Alanis Morissette

Dominic
    $400 17
a seal

Taylor
    $400 24
adiĆ³s

Amanda
    $600 3
nitrogen

Amanda
    $600 14
shotput

Amanda
    $600 8
(Amanda: Who is Horace?)
(Alex: Say it again.)
(Amanda: Horace?)

Horton

DominicAmanda
    $600 20
the Baha Men

Dominic
    $600 26
[The end-of-round signal sounds.]

the penguin

Amanda
    $600 25
exit

Triple Stumper
    $800 4
aluminum

Amanda
    $800 15
the Eiffel Tower

Amanda
    $1,200 9
(Dominic: What is Hop on Pop?)

The Cat in the Hat

Dominic
    $800 21
(Taylor: What is metallic?)
(Amanda: What is heavy metal?)
(Dominic: What is funk?)

punk

DominicTaylorAmanda
Triple Stumper
    $1000 5
iron

Dominic
    $1000 16
Uncle Tom's Cabin

Dominic
    $1000 10
Yertle (the Turtle)

Triple Stumper
    $1000 22
(Taylor: What is Play?)

the A-Teens

Taylor
Triple Stumper

Scores at the first commercial break (after clue 13):

Dominic Taylor Amanda
$1,800 $0 $1,400

Scores at the end of the Jeopardy! Round:

Dominic Taylor Amanda
$3,200 -$1,400 $2,800

Double Jeopardy! Round responses

U.S. RIVERS
YOU CAN'T HANDLE THE TOOTH!
FAMOUS QUOTATIONS
SPORTS NAMES
THEATRE
ONLINE LINGO
    $400 26
the Potomac

Dominic
    $400 1
the Tooth Fairy

Dominic
    $400 11
equal

Dominic
    $400 13
golf

Amanda
    $400 18
Sacagewea

Dominic
    $400 3
I cry

Amanda
    $2,000 27
(Dominic: What is the Delaware?)

the Hudson

Dominic
    $800 2
a toothbrush

Amanda
    $800 12
try, try again (try and try again accepted)

Amanda
    $800 14
football

Dominic
    $800 19
the rabbit

Amanda
    $800 4
download

Dominic
    $1200 28
the Columbia

Triple Stumper
    $1200 8
whales

Dominic
    $1200 23
Scrooge

Dominic
    $1200 15
(Alex: They are both very good [*]s.)

pitcher

Triple Stumper
    $1200 20
("Calamity") Jane

Amanda
    $1200 5
[Applause for Taylor's correct response]

information

Taylor
    $1600 29
the Mississippi

Dominic
    $1600 9
the crown

Amanda
    $1600 24
a glove

Triple Stumper
    $1600 16
horse racing

Dominic
    $3,000 21
Toad

Amanda
    $1600 6
the keyboard

Amanda
    $2000 30
(Taylor: What is the Ohio River?)

the Missouri

Taylor
Triple Stumper
    $2000 10
the saber-tooth

Dominic
    $2000 25
democracy

Dominic
    $2000 17
Tim Duncan

Triple Stumper
    $2000 22
The Phantom of the Opera

Dominic
    $2000 7
ciao

Dominic

Scores at the end of the Double Jeopardy! Round:

Dominic Taylor Amanda
$18,000 -$2,200 $13,400

[wagering suggestions for these scores]

Final Jeopardy! Round responses

THE 50 STATES
AmandaWhat is Alaska + Arkans Arkansa
$6,000
DominicWhat are Alaska +
$12,000
(2 of) Alaska, Arizona, Alabama & Ohio

Final scores:

Dominic Taylor Amanda
$6,000 -$2,200 $7,400
2nd place: $2,000 + Classroom Jeopardy! 3rd place: $1,000 + Classroom Jeopardy! Winner: $10,000 + Classroom Jeopardy!

Game dynamics:

Coryat scores:

Dominic Taylor Amanda
$21,200 -$2,200 $12,000
24 R,
3 W
(including 2 DDs)
2 R,
3 W
18 R
(including 1 DD),
3 W

Combined Coryat: $31,000

[game clues] [game scores] [suggest correction]

Game tape date: 2004-04-04
The J! Archive is created by fans, for fans. Scraping, republication, monetization, and malicious use prohibited; this site may use cookies and collect identifying information. See terms. The Jeopardy! game show and all elements thereof, including but not limited to copyright and trademark thereto, are the property of Jeopardy Productions, Inc. and are protected under law. This website is not affiliated with, sponsored by, or operated by Jeopardy Productions, Inc. Join the discussion at JBoard.tv.